000 00425nam a2200157 i 4500
001 bg
245 0 _aMaterialy, ispol'zujemye v poluprovodnikovych priborach /
_cpod red. K. Hogarta.
300 _aMoskva :
_b"Mir"
_c1968.
650 9 _aPółprzewodniki
_xurządzenia
700 1 _aHOGARTH, C. A.
040 _cBPK
041 1 _arus
_heng
080 _a537:621.382
942 _cKS
008 s pl f |000 0 pol
999 _c8714
_d8714